General Knowledge True False #3 - Statistics

General Stats
  • This quiz has been taken 37,340 times
  • The average score is 12 of 18
Answer Stats
Question Answer % Correct
The tallest building in the world is in New York City False
95%
4 is a prime number False
93%
At one time, the tallest building in the world was a church True
87%
Japan has hosted the Winter Olympics True
85%
Gelatin is usually vegan False
79%
Elephants have a prehensile trunk True
75%
There is a prominent heavyweight boxer named Tyson Fury True
71%
In the United Kingdom, an earl outranks a baron True
67%
Stephen King has only written a few books, averaging less than one every five years False
66%
There are aircraft carriers powered by nuclear reactors True
65%
There is a temperature which is the same in Celsius and Fahrenheit True
65%
Only male horses compete in major horse racing events False
63%
Kale and broccoli are the same species True
62%
There are wild tigers living in Africa False
60%
Hercules killed Medusa False
59%
Chances are, there is someone within 1 kilometer of the South Pole right now True
48%
Sharks don't get cancer False
45%
Hindi is the most commonly-spoken language in Delhi, Mumbai, and Kolkata False
31%
No matching quizzes found
Score Distribution
Percent of People with Each Score
Percentile by Number Answered
Your Score History
You have not taken this quiz